000 00436cam a2200145 4500500
005 20251012024032.0
041 _afre
042 _adc
100 1 0 _aPregno, Gilbert
_eauthor
245 0 0 _aPages de fin
260 _c2025.
500 _a3
786 0 _nThérapie Familiale | 46 | 3 | 2025-06-20 | p. 252-254 | 0250-4952
856 4 1 _uhttps://shs.cairn.info/revue-therapie-familiale-2025-3-page-252?lang=fr&redirect-ssocas=7080
999 _c1543425
_d1543425